Kishi and Japan : The search for the sun
সংরক্ষণ করুন:
| প্রধান লেখক: | |
|---|---|
| বিন্যাস: | গ্রন্থ |
| ভাষা: | Undetermined |
| প্রকাশিত: |
New York
I. Obolensky
1960
|
| বিষয়গুলি: | |
| ট্যাগগুলো: |
ট্যাগ যুক্ত করুন
কোনো ট্যাগ নেই, প্রথমজন হিসাবে ট্যাগ করুন!
|
| Thư viện lưu trữ: | Trung tâm Học liệu Trường Đại học Cần Thơ |
|---|
| LEADER | 00572nam a2200217Ia 4500 | ||
|---|---|---|---|
| 001 | CTU_111262 | ||
| 008 | 210402s9999 xx 000 0 und d | ||
| 020 | |c 11.94 | ||
| 082 | |a 923.252 | ||
| 082 | |b K96 | ||
| 100 | |a Kurzman, Dan | ||
| 245 | 0 | |a Kishi and Japan : | |
| 245 | 4 | |b The search for the sun | |
| 245 | 0 | |c Dan Kurzman; Foreword by James A. Michener | |
| 260 | |a New York | ||
| 260 | |b I. Obolensky | ||
| 260 | |c 1960 | ||
| 650 | |a Japan | ||
| 650 | |x Politics and government | ||
| 904 | |i M.Loan | ||
| 980 | |a Trung tâm Học liệu Trường Đại học Cần Thơ | ||